Hướng dẫn ôn tập kì thi trung học phổ thông quốc gia năm học 2015-2016 môn sinh học

Nội dung sách gồm các chủ đề cần ôn tập, trong đó ngoài các chủ đề ở lớp 12, còn có một số chủ đề ở lớp 10 và lớp 11, mỗi chủ đề đều trình bày, những kiến thức kỹ năng phát triển năng lực của học sinh....

সম্পূর্ণ বিবরণ

সংরক্ষণ করুন:
গ্রন্থ-পঞ্জীর বিবরন
প্রধান লেখক: Mai, Văn Hưng
বিন্যাস: গ্রন্থ
ভাষা:Undetermined
প্রকাশিত: Hà Nội Giáo dục Việt Nam 2016
বিষয়গুলি:
ট্যাগগুলো: ট্যাগ যুক্ত করুন
কোনো ট্যাগ নেই, প্রথমজন হিসাবে ট্যাগ করুন!
Thư viện lưu trữ: Trung tâm Học liệu Trường Đại học Cần Thơ
LEADER 01064nam a2200217Ia 4500
001 CTU_207609
008 210402s9999 xx 000 0 und d
020 |c 36000 
082 |a 570.76 
082 |b H556 
100 |a Mai, Văn Hưng 
245 0 |a Hướng dẫn ôn tập kì thi trung học phổ thông quốc gia năm học 2015-2016 môn sinh học 
245 0 |c Mai Văn Hưng (chủ biên) 
260 |a Hà Nội 
260 |b Giáo dục Việt Nam 
260 |c 2016 
520 |a Nội dung sách gồm các chủ đề cần ôn tập, trong đó ngoài các chủ đề ở lớp 12, còn có một số chủ đề ở lớp 10 và lớp 11, mỗi chủ đề đều trình bày, những kiến thức kỹ năng phát triển năng lực của học sinh. 
650 |a Sinh học,Biology 
650 |x Học và giảng dạy (trung học),Study and teaching (Secondary) 
904 |i Tuyến 
980 |a Trung tâm Học liệu Trường Đại học Cần Thơ